The library broadcasts.

Bibliographic Details
Main Author: Nunmaker, Frances G.
Format: Book
Language:English
Published: New York : H. W. Wilson Co., 1948.
Subjects:

MARC

Tag First Indicator Second Indicator Subfields
LEADER 00000cam a2200000 4500
001 in00000059977
005 20151008051033.0
008 750513s1948 eng u
010 |a  48003270  
035 |a (OCoLC)01330328 
035 |9 AAG5214AM 
040 |c YNG  |d TXA  |d UtOrBLW 
049 |a TXAM  |c [160129] 
050 0 |a Z716.7  |b .N8 
082 0 |a 021.7 
092 |a 021.7  |b N972 
100 1 |a Nunmaker, Frances G. 
245 1 4 |a The library broadcasts. 
264 1 |a New York :  |b H. W. Wilson Co.,  |c 1948. 
300 |a 166 pages ;  |c 20 cm. 
336 |a text  |b txt  |2 rdacontent 
337 |a unmediated  |b n  |2 rdamedia 
338 |a volume  |b nc  |2 rdacarrier 
650 0 |a Libraries and radio. 
999 |a MARS 
999 f f |s 96786148-52f5-3697-adcd-f0de0f2ffa42  |i 70b1a439-49f0-3288-95a1-0af3c962162f  |t 0 
952 f f |p ric  |a Texas A&M University  |b Rellis Campus  |c Joint Library Facility  |d Remote Storage  |t 0  |e Z716.7 N8  |h Library of Congress classification  |i unmediated -- volume  |m A14826352163 
998 f f |a Z716.7 N8  |t 0  |l Remote Storage